[Event "Vienna Chess Open 2013"]
[Site "Großer Festsaal im Wiener Rat"]
[Date "2013.08.17"]
[Round "1.1"]
[White "Sokolov, Ivan"]
[Black "Bury, Rastislav"]
[Result "1-0"]
[WhiteElo "2114"]
[BlackElo "2656"]
[PlyCount "101"]
[EventDate "2013.??.??"]

1. d4 Nf6 2. c4 e6 3. Nc3 Bb4 4. e3 O-O 5. Bd3 b6 6. Nge2 Bb7 7. O-O d5 8. cxd5
exd5 9. f3 c5 10. a3 Bxc3 11. bxc3 Nbd7 12. Ng3 Re8 13. Ra2 Nf8 14. Re2 Ne6 15.
Bb5 Rf8 16. Bb2 a6 17. Ba4 a5 18. Bb5 Ne8 19. Bd3 Nd6 20. Qb1 g6 21. Nh1 f5 22.
Nf2 Qd7 23. Rd1 cxd4 24. cxd4 Rac8 25. Bc1 b5 26. Bd2 Ra8 27. Be1 Rfe8 28. Nh3
Nc4 29. Bxc4 bxc4 30. Bc3 Qc7 31. Qc1 Rf8 32. Be1 Bc6 33. Bg3 Qa7 34. Rb2 Rf7
35. Rdd2 Ba4 36. Rb1 Rb7 37. Rxb7 Qxb7 38. Rb2 Bb3 39. Qc3 Qe7 40. Rb1 a4 41.
Ra1 Re8 42. Be5 h6 43. e4 fxe4 44. fxe4 dxe4 45. Nf2 Rf8 46. Nxe4 Qh4 47. Re1
Nf4 48. Bxf4 Qxf4 49. d5 Qh4 50. d6 Bc2 51. g3 1-0

[Event "Vienna Chess Open 2013"]
[Site "Großer Festsaal im Wiener Rat"]
[Date "2013.08.17"]
[Round "1.2"]
[White "Hegermann, Frank"]
[Black "Fier, Alexandr"]
[Result "0-1"]
[WhiteElo "2595"]
[BlackElo "2114"]
[PlyCount "104"]
[EventDate "2013.??.??"]

1. d4 Nf6 2. Nf3 c5 3. c4 cxd4 4. Nxd4 e6 5. g3 Qc7 6. b3 Bb4+ 7. Bd2 Bc5 8.
Bc3 Ne4 9. Bg2 Nxc3 10. Nxc3 d5 11. O-O dxc4 12. Rc1 O-O 13. Ndb5 Qe7 14. Na4
a6 15. Nbc3 Ba7 16. bxc4 Nd7 17. c5 Nxc5 18. Nxc5 Bxc5 19. Na4 Ba7 20. Qb3 e5
21. Nb6 Be6 22. Nd5 Bxd5 23. Qxd5 Rab8 24. Rfd1 Rfd8 25. Qa5 Rxd1+ 26. Rxd1 g6
27. Rd5 Rc8 28. Qd2 Rc7 29. h4 Kg7 30. Bf3 e4 31. Bg4 h5 32. Bh3 e3 33. Qb2+
Qf6 34. Qxf6+ Kxf6 35. fxe3 Rc2 36. Kf2 Rxa2 37. Bc8 Rb2 38. Rd7 Rb3 39. Rxb7
Bxe3+ 40. Kg2 Rc3 41. Rb8 a5 42. Bd7 Bc5 43. Rc8 Ke7 44. Bb5 Kd6 45. Ra8 Bb6
46. Rf8 Ke7 47. Re8+ Kf6 48. Re4 Bc7 49. e3 Rc5 50. Bd7 Be5 51. Kf3 Ke7 52. Ba4
f5 0-1

[Event "Vienna Chess Open 2013"]
[Site "Großer Festsaal im Wiener Rat"]
[Date "2013.08.17"]
[Round "1.3"]
[White "Buhmann, Rainer"]
[Black "Monschein, Wolfgang"]
[Result "1-0"]
[WhiteElo "2113"]
[BlackElo "2583"]
[PlyCount "51"]
[EventDate "2013.??.??"]

1. Nf3 f5 2. g3 Nf6 3. Bg2 Nc6 4. d4 e6 5. O-O d5 6. c4 Be7 7. Nc3 O-O 8. Bf4
Ne4 9. cxd5 exd5 10. Nb5 Nd6 11. Nxd6 Bxd6 12. Rc1 Be6 13. Ng5 Qd7 14. Nxe6
Qxe6 15. Qb3 Ne7 16. Bxd6 Qxd6 17. Qxb7 c6 18. Qb3 f4 19. Rc5 Rf6 20. e4 fxe3
21. Qxe3 Re6 22. Qd2 Rf8 23. b4 Re8 24. a4 Nc8 25. b5 cxb5 26. Bxd5 1-0

[Event "Vienna Chess Open 2013"]
[Site "Großer Festsaal im Wiener Rat"]
[Date "2013.08.17"]
[Round "1.4"]
[White "Freuler, Roman"]
[Black "Shengelia, David"]
[Result "0-1"]
[WhiteElo "2565"]
[BlackElo "2111"]
[PlyCount "58"]
[EventDate "2013.??.??"]

1. e4 c5 2. Nf3 d6 3. d4 cxd4 4. Nxd4 Nf6 5. Nc3 Nc6 6. Bg5 e6 7. Qd2 a6 8.
O-O-O Bd7 9. f3 Rc8 10. Kb1 b5 11. Nxc6 Bxc6 12. h4 Qb6 13. Be3 Qc7 14. h5 h6
15. Bd3 Be7 16. Rde1 Nd7 17. f4 b4 18. Nd1 d5 19. Bd4 dxe4 20. Bxe4 Bxe4 21.
Rxe4 O-O 22. Re2 Rfd8 23. Qe3 Bf6 24. Bxf6 Nxf6 25. Qf3 Rd4 26. g3 Ne4 27. Kc1
Qc4 28. b3 Qd5 29. Ne3 Qa5 0-1

[Event "Vienna Chess Open 2013"]
[Site "Großer Festsaal im Wiener Rat"]
[Date "2013.08.17"]
[Round "1.5"]
[White "Novikov, Stanislav"]
[Black "Rettore, Ludwig"]
[Result "1-0"]
[WhiteElo "2111"]
[BlackElo "2545"]
[PlyCount "93"]
[EventDate "2013.??.??"]

1. c4 f5 2. Nc3 Nf6 3. d4 e6 4. Nf3 Bb4 5. Qb3 a5 6. g3 Ne4 7. Bg2 O-O 8. O-O
Bxc3 9. bxc3 a4 10. Qc2 d6 11. Nd2 Nxd2 12. Bxd2 Nd7 13. e4 Nf6 14. e5 dxe5 15.
dxe5 Ne4 16. Be3 Bd7 17. f3 Ng5 18. Rfd1 h6 19. h4 Nh7 20. f4 Qc8 21. Qd3 Rf7
22. Rd2 Nf8 23. Rad1 Bc6 24. Qd8 Bxg2 25. Kxg2 b6 26. Qxc8 Rxc8 27. c5 b5 28.
Rd8 Rxd8 29. Rxd8 Rd7 30. Rc8 Rd3 31. Bd4 b4 32. cxb4 Rxd4 33. a3 Rd2+ 34. Kf1
Rd3 35. Rxc7 Rxa3 36. Ra7 Ra1+ 37. Kg2 a3 38. b5 Rb1 39. b6 Rb2+ 40. Kf3 Rb3+
41. Ke2 Rb5 42. b7 Rb2+ 43. Kf3 Rb3+ 44. Kf2 Rb2+ 45. Ke3 Rb3+ 46. Kd4 Nd7 47.
c6 1-0

[Event "Vienna Chess Open 2013"]
[Site "Großer Festsaal im Wiener Rat"]
[Date "2013.08.17"]
[Round "1.6"]
[White "Rogiers, Jan"]
[Black "Shchekachev, Andrei"]
[Result "0-1"]
[WhiteElo "2527"]
[BlackElo "2111"]
[PlyCount "112"]
[EventDate "2013.??.??"]

1. d4 Nf6 2. c4 e6 3. g3 Bb4+ 4. Bd2 Qe7 5. Bg2 Nc6 6. Nf3 Bxd2+ 7. Nbxd2 d6 8.
O-O O-O 9. e4 e5 10. d5 Nb8 11. b4 a5 12. a3 Na6 13. Rb1 Bd7 14. Qe2 axb4 15.
axb4 c6 16. Rfe1 c5 17. bxc5 Nxc5 18. Ra1 Bg4 19. Qe3 Bxf3 20. Bxf3 Ra6 21. Nb3
Nxb3 22. Qxb3 Qc7 23. Rab1 Rb8 24. Rb2 Nd7 25. Reb1 Nc5 26. Qc2 Rba8 27. Kg2 g6
28. h4 Ra3 29. Be2 Rf8 30. Qc1 Nxe4 31. Rb4 Ra7 32. Qe3 Nc5 33. h5 Qe7 34. hxg6
fxg6 35. Bg4 Ra2 36. R1b2 Rxb2 37. Rxb2 Qf6 38. Rb6 Rf7 39. Be2 Kg7 40. Bg4 h5
41. Be2 Ne4 42. Bf3 Nc5 43. Be2 Qd8 44. Rb5 Rf8 45. Rb1 Qf6 46. Rb6 Ra8 47. Rb1
Ra2 48. Bf3 Qd8 49. Rb5 Qf6 50. Rb1 Rc2 51. Be2 e4 52. Rd1 Rc3 53. Qd4 Qxd4 54.
Rxd4 Kf6 55. f4 Kf5 56. Rd2 h4 0-1

[Event "Vienna Chess Open 2013"]
[Site "Großer Festsaal im Wiener Rat"]
[Date "2013.08.17"]
[Round "1.7"]
[White "Chatalbashev, Boris"]
[Black "Lang, Ferdinand"]
[Result "0-1"]
[WhiteElo "2109"]
[BlackElo "2523"]
[PlyCount "110"]
[EventDate "2013.??.??"]

1. d4 Nf6 2. c4 c5 3. d5 b5 4. cxb5 a6 5. bxa6 Bxa6 6. Nc3 d6 7. g3 g6 8. Bg2
Bg7 9. Nf3 O-O 10. O-O Qc7 11. Re1 Nbd7 12. h3 Nb6 13. e4 Nfd7 14. Bg5 Rfe8 15.
Qc2 Nc4 16. Rad1 Qa5 17. Bc1 Reb8 18. e5 Ndxe5 19. Ng5 h6 20. Nge4 Bc8 21. f4
Nd7 22. Bf1 Ba6 23. Kh1 Ra7 24. g4 Nf6 25. Nxf6+ Bxf6 26. Ne4 Bh4 27. Re2 Qxa2
28. f5 Ne5 29. fxg6 Nxg6 30. Nc3 Qb3 31. Bxh6 Bxe2 32. Qxe2 Qxb2 33. Rb1 Qxe2
34. Rxb8+ Kh7 35. Bxe2 Kxh6 36. Bd3 Ra3 37. Bxg6 Kxg6 38. Ne2 Rxh3+ 39. Kg2 Re3
40. Ng1 Rg3+ 41. Kh2 Rxg4 42. Kh3 Re4 43. Rg8+ Kf5 44. Rg2 Bf6 45. Rf2+ Rf4 46.
Nf3 Ra4 47. Nd4+ Ke4 48. Nb5 Ke3 49. Rf1 c4 50. Re1+ Kd2 51. Re4 Kd3 52. Rg4
Ra5 53. Na3 Rxa3 54. Rg3+ Kd2 55. Rxa3 c3 0-1

[Event "Vienna Chess Open 2013"]
[Site "Großer Festsaal im Wiener Rat"]
[Date "2013.08.17"]
[Round "1.8"]
[White "Astengo, Corrado"]
[Black "Hawkins, Jonathan"]
[Result "0-1"]
[WhiteElo "2521"]
[BlackElo "2105"]
[PlyCount "92"]
[EventDate "2013.??.??"]

1. e4 c6 2. d4 d5 3. exd5 cxd5 4. c4 Nf6 5. Nc3 e6 6. Nf3 Bb4 7. a3 Bxc3+ 8.
bxc3 O-O 9. Bd3 Qc7 10. Qb3 Nc6 11. cxd5 exd5 12. O-O h6 13. h3 Re8 14. Bd2 Na5
15. Qc2 Ne4 16. Rfe1 Bf5 17. Nh4 Bd7 18. Bxe4 Rxe4 19. Rxe4 dxe4 20. Qxe4 Nb3
21. Rd1 Nxd2 22. Rxd2 Re8 23. Qb1 Qxc3 24. Nf3 Bxh3 25. Qxb7 Qc1+ 26. Kh2 Bg4
27. Qb5 Rc8 28. Rd3 Qf1 29. Kg3 Bxf3 30. Kxf3 Rc2 31. Qe8+ Kh7 32. Qe3 Rxf2+
33. Qxf2 Qxd3+ 34. Kf4 a5 35. Ke5 Qxa3 36. Qxf7 Qe3+ 37. Kf5 a4 38. d5 a3 39.
Qg6+ Kh8 40. Qa6 Qf2+ 41. Ke4 a2 42. d6 Qe1+ 43. Kd5 a1=Q 44. Qc8+ Kh7 45. Qf5+
g6 46. Qf7+ Qg7 0-1

[Event "Vienna Chess Open 2013"]
[Site "Großer Festsaal im Wiener Rat"]
[Date "2013.08.17"]
[Round "1.10"]
[White "Kuntner, Reinhard"]
[Black "Krivoborodov, Egor"]
[Result "0-1"]
[WhiteElo "2502"]
[BlackElo "2104"]
[PlyCount "50"]
[EventDate "2013.??.??"]

1. c4 c6 2. d4 d5 3. cxd5 cxd5 4. Nc3 Nf6 5. e3 a6 6. Bd3 b5 7. a3 Bb7 8. Nf3
e6 9. O-O Nbd7 10. Qe2 Bd6 11. e4 dxe4 12. Nxe4 Nxe4 13. Bxe4 Bxe4 14. Qxe4 O-O
15. Bg5 Be7 16. Bxe7 Qxe7 17. Rac1 Nb6 18. Rc5 Nc4 19. a4 Nxb2 20. axb5 Na4 21.
Rh5 g6 22. Ng5 f5 23. Rxh7 Qxg5 24. Qb7 Qf6 25. Rc1 Rfb8 0-1

[Event "Vienna Chess Open 2013"]
[Site "Großer Festsaal im Wiener Rat"]
[Date "2013.08.17"]
[Round "1.11"]
[White "Hertneck, Gerald"]
[Black "Chernukhin, Alexander"]
[Result "1/2-1/2"]
[WhiteElo "2103"]
[BlackElo "2499"]
[PlyCount "146"]
[EventDate "2013.??.??"]

1. d4 d5 2. c4 c6 3. Nf3 Nf6 4. Nc3 e6 5. e3 Nbd7 6. Bd3 dxc4 7. Bxc4 b5 8. Bd3
Bb7 9. e4 b4 10. Na4 Qa5 11. O-O Be7 12. e5 Nd5 13. Bg5 Ba6 14. Bxa6 Qxa6 15.
a3 Qb5 16. Bxe7 Nxe7 17. axb4 Qxb4 18. Qd3 h6 19. Rfc1 Rd8 20. Rc4 Qb5 21. Nc3
Nxe5 22. Nxe5 Qxe5 23. dxe5 Rxd3 24. Rxa7 Rd7 25. Rca4 Nc8 26. R7a6 O-O 27.
Rxc6 Rd2 28. Ra8 Ne7 29. Rxf8+ Kxf8 30. Rb6 Nd5 31. Rb8+ Ke7 32. Rb7+ Ke8 33.
g3 Nxc3 34. bxc3 Rd5 35. f4 Rc5 36. Rb3 g5 37. Kf2 gxf4 38. gxf4 Rc4 39. Rb4
Rxc3 40. Rb8+ Ke7 41. Rh8 Rh3 42. Kg2 Rh5 43. Kg3 f5 44. Rh7+ Ke8 45. Ra7 Kd8
46. h4 Ke8 47. Ra1 Kd7 48. Rh1 Ke7 49. Kf3 Kd7 50. Ke3 Kc7 51. Rh2 Kd7 52. Rh1
Kc7 53. Rc1+ Kd7 54. Rd1+ Ke7 55. Rh1 Kd7 56. Kd4 Kc6 57. Kc4 Kb6 58. Rd1 Rxh4
59. Rd6+ Kc7 60. Rxe6 Rxf4+ 61. Kd5 Ra4 62. Re7+ Kd8 63. Ke6 f4 64. Rd7+ Ke8
65. Rd3 Ra6+ 66. Kf5 f3 67. Rxf3 h5 68. Rh3 h4 69. Rxh4 Rb6 70. Rh8+ Ke7 71.
Rh7+ Ke8 72. Rg7 Ra6 73. e6 Ra8 1/2-1/2

[Event "Vienna Chess Open 2013"]
[Site "Großer Festsaal im Wiener Rat"]
[Date "2013.08.17"]
[Round "1.12"]
[White "Ott, Florian"]
[Black "Rombaldoni, Denis"]
[Result "0-1"]
[WhiteElo "2496"]
[BlackElo "2103"]
[PlyCount "104"]
[EventDate "2013.??.??"]

1. d4 d5 2. c4 Nc6 3. Nf3 Bg4 4. cxd5 Bxf3 5. gxf3 Qxd5 6. e3 O-O-O 7. Nc3 Qh5
8. f4 Qxd1+ 9. Kxd1 e6 10. Rg1 Nf6 11. a3 Nd5 12. Nxd5 exd5 13. Bd2 Rg8 14. Be2
Be7 15. Bb5 Nb8 16. Bd3 g6 17. Ke2 Nd7 18. Rac1 Kb8 19. b4 c6 20. a4 Rc8 21.
Rc2 Nf6 22. f3 Ne8 23. e4 Nd6 24. Rgc1 a6 25. Kf2 Rge8 26. Kf1 Bf8 27. e5 Nf5
28. Bxf5 gxf5 29. Kf2 Be7 30. Rg1 Rg8 31. Rcc1 Rg6 32. Rxg6 hxg6 33. Kg2 Kc7
34. h3 Kd7 35. Rc2 Bd8 36. Rb2 Ra8 37. Kf2 Bb6 38. Be3 Kc7 39. Kg3 Rc8 40. Rb1
Kb8 41. Bf2 a5 42. bxa5 Bxa5 43. Be1 Bxe1+ 44. Rxe1 Kc7 45. Kh4 Kd7 46. e6+
fxe6 47. Kg5 Rh8 48. Rh1 Ke7 49. Rb1 b5 50. Kxg6 bxa4 51. Rh1 Rg8+ 52. Kh7 Rg3
0-1

[Event "Vienna Chess Open 2013"]
[Site "Großer Festsaal im Wiener Rat"]
[Date "2013.08.17"]
[Round "1.13"]
[White "Petrov, Marijan"]
[Black "Vasilescu, Victor"]
[Result "1-0"]
[WhiteElo "2101"]
[BlackElo "2489"]
[PlyCount "63"]
[EventDate "2013.??.??"]

1. e4 g6 2. d4 Bg7 3. Nc3 d6 4. Be3 a6 5. a4 b6 6. h4 h5 7. Bc4 e6 8. Nf3 Bb7
9. O-O Nd7 10. Re1 Ne7 11. Qd2 Nf6 12. Bg5 Ng4 13. Nh2 Nxh2 14. Kxh2 O-O 15.
Rad1 Kh7 16. Qe2 Qd7 17. g4 hxg4 18. Qxg4 Rh8 19. d5 Bc8 20. dxe6 fxe6 21. f4
Ng8 22. e5 d5 23. h5 Ne7 24. Bxe7 Qxe7 25. Qxg6+ Kg8 26. Nxd5 exd5 27. Bxd5+
Kf8 28. Bxa8 Qh4+ 29. Kg1 Bg4 30. Bc6 Bxh5 31. Qf5+ Bf7 32. Qc8+ 1-0

[Event "Vienna Chess Open 2013"]
[Site "Großer Festsaal im Wiener Rat"]
[Date "2013.08.17"]
[Round "1.14"]
[White "Kleibaumhueter, Klaus"]
[Black "Kim, Alexey"]
[Result "0-1"]
[WhiteElo "2477"]
[BlackElo "2096"]
[PlyCount "64"]
[EventDate "2013.??.??"]

1. Nf3 c5 2. c4 Nc6 3. d4 cxd4 4. Nxd4 g6 5. e4 Bg7 6. Nc2 Nf6 7. Nc3 d6 8. Be2
b6 9. O-O Bb7 10. Re1 Rc8 11. Bf1 O-O 12. Bg5 h6 13. Bd2 a6 14. Rc1 e6 15. f3
d5 16. cxd5 exd5 17. e5 Nd7 18. e6 Nde5 19. f4 Nc4 20. Qe2 Ne7 21. Nd1 Nxd2 22.
exf7+ Rxf7 23. Qxd2 Nf5 24. Bd3 Qd6 25. Nc3 b5 26. a3 Nh4 27. Rf1 Rcf8 28. Nb4
Rxf4 29. Rxf4 Rxf4 30. Ne2 Rg4 31. Ng3 Rxg3 32. hxg3 Qxg3 0-1

[Event "Vienna Chess Open 2013"]
[Site "Großer Festsaal im Wiener Rat"]
[Date "2013.08.17"]
[Round "1.15"]
[White "Sipila, Vilka"]
[Black "Ulanowski, Karol"]
[Result "1-0"]
[WhiteElo "2096"]
[BlackElo "2474"]
[PlyCount "77"]
[EventDate "2013.??.??"]

1. g3 Nf6 2. Bg2 g6 3. e4 d6 4. Ne2 Bg7 5. O-O O-O 6. Nbc3 c5 7. f4 Nc6 8. d3
Rb8 9. h3 Bd7 10. Be3 b5 11. Qd2 b4 12. Nd1 Qc7 13. f5 Rfc8 14. g4 Nd4 15. Nxd4
cxd4 16. Bxd4 Qxc2 17. Qe3 Bb5 18. Nf2 Nd7 19. Bxa7 Bxb2 20. Rad1 Ra8 21. e5
Nxe5 22. f6 Rxa7 23. Qxa7 Nxd3 24. fxe7 Nf4 25. Be4 Qc3 26. Nd3 Nxh3+ 27. Kh1
Qc4 28. Bg2 Bd4 29. Qb7 Re8 30. Qe4 Ng5 31. Qf4 h6 32. Qxd6 Bc3 33. Rf4 Qe6 34.
Nxb4 Qxd6 35. Rxd6 Be5 36. Rd8 Bxf4 37. Bc6 Kg7 38. Rxe8 Bxc6+ 39. Nxc6 1-0

[Event "Vienna Chess Open 2013"]
[Site "Großer Festsaal im Wiener Rat"]
[Date "2013.08.17"]
[Round "1.16"]
[White "Vestly, Jan Vidar"]
[Black "Akesson, Ralf"]
[Result "0-1"]
[WhiteElo "2455"]
[BlackElo "2096"]
[PlyCount "60"]
[EventDate "2013.??.??"]

1. d4 Nf6 2. Nf3 g6 3. Bf4 Bg7 4. e3 O-O 5. h3 c5 6. c3 d6 7. Nbd2 Nc6 8. Be2
Be6 9. e4 cxd4 10. cxd4 d5 11. e5 Ne4 12. O-O Qb6 13. Qa4 Bd7 14. Bb5 Rfd8 15.
Rac1 Nxd2 16. Bxd2 Nxe5 17. Bxd7 Nxd7 18. Ba5 Qa6 19. Rc7 Nb6 20. Qb4 Bf8 21.
Bxb6 axb6 22. a3 e6 23. Qd2 Rac8 24. Rfc1 Rxc7 25. Rxc7 Bd6 26. Qh6 Qd3 27. Rc1
Qf5 28. Ng5 Bf4 29. Qxh7+ Kf8 30. Rc3 Qb1+ 0-1

[Event "Vienna Chess Open 2013"]
[Site "Großer Festsaal im Wiener Rat"]
[Date "2013.08.17"]
[Round "1.17"]
[White "Cherniaev, Alexander"]
[Black "Sosovicka, Matej"]
[Result "1/2-1/2"]
[WhiteElo "2095"]
[BlackElo "2451"]
[PlyCount "96"]
[EventDate "2013.??.??"]

1. e4 e5 2. Nf3 Nc6 3. Bc4 Nf6 4. d3 Bc5 5. c3 d6 6. O-O a6 7. Bb3 O-O 8. h3
Ba7 9. Be3 Ne7 10. Nh4 d5 11. Bxa7 Rxa7 12. Qf3 b6 13. Re1 dxe4 14. dxe4 c5 15.
a4 Rd7 16. Na3 Qc7 17. Nc4 b5 18. axb5 axb5 19. Ne3 Rd2 20. Bc2 Rfd8 21. Rac1
Be6 22. Nf1 R2d7 23. g4 Ng6 24. Ng2 h6 25. Nfe3 Nh7 26. h4 Ra8 27. Nd5 Qd8 28.
Qg3 Ra2 29. h5 Ne7 30. Nxe7+ Qxe7 31. Ne3 Qg5 32. b4 cxb4 33. cxb4 Nf6 34. Bb1
Rb2 35. Rc5 Nxg4 36. Nxg4 Bxg4 37. Rxe5 Qd2 38. Re8+ Kh7 39. e5+ Rxb1 40. Rxb1
Bxh5 41. Qe3 Qc2 42. Rc1 Rd1+ 43. Rxd1 Qxd1+ 44. Kg2 Qg4+ 45. Kh2 Qh4+ 46. Kg2
Qxb4 47. f3 Qb2+ 48. Kg3 Bg6 1/2-1/2

[Event "Vienna Chess Open 2013"]
[Site "Großer Festsaal im Wiener Rat"]
[Date "2013.08.17"]
[Round "1.18"]
[White "Pfadenhauer, Johannes"]
[Black "Fauland, Alexander"]
[Result "0-1"]
[WhiteElo "2447"]
[BlackElo "2094"]
[PlyCount "82"]
[EventDate "2013.??.??"]

1. d4 Nf6 2. Bg5 e6 3. e4 h6 4. Bxf6 Qxf6 5. Nc3 Qd8 6. Qd2 d6 7. f4 Nd7 8. Nf3
c6 9. O-O-O Be7 10. d5 exd5 11. exd5 c5 12. g4 a6 13. Re1 O-O 14. g5 hxg5 15.
Rg1 g4 16. Bd3 f5 17. Qe3 Rf7 18. Nd2 Nf6 19. h3 Bf8 20. hxg4 Nxg4 21. Rxg4 Re7
22. Rxg7+ Rxg7 23. Qh3 Rh7 24. Qg3+ Kh8 25. Nf3 Be7 26. Ng5 Qg8 27. Ne2 Rh6 28.
Ng1 Bf6 29. N1f3 Bd7 30. c4 Rf8 31. Nh4 Qg7 32. Rh1 Bxb2+ 33. Kb1 Ba3 34. Rh2
b5 35. cxb5 Qc3 36. Ng6+ Kg7 37. Ne6+ Kf7 38. Ne5+ Ke8 39. Ng7+ Kd8 40. Qg5+
Kc8 41. Rxh6 Qc1# 0-1

[Event "Vienna Chess Open 2013"]
[Site "Großer Festsaal im Wiener Rat"]
[Date "2013.08.17"]
[Round "1.19"]
[White "Poetsch, Hagen"]
[Black "Molenaar, Joseph"]
[Result "1-0"]
[WhiteElo "2093"]
[BlackElo "2446"]
[PlyCount "105"]
[EventDate "2013.??.??"]

1. e4 d5 2. exd5 Qxd5 3. Nc3 Qa5 4. d4 c6 5. Bd3 Nf6 6. Nge2 Bg4 7. Bf4 e6 8.
O-O Qd8 9. f3 Bh5 10. Ne4 Nd5 11. Bg5 Be7 12. Bxe7 Qxe7 13. Qd2 f5 14. N2g3 Bf7
15. Ng5 f4 16. N3e4 h6 17. Nxf7 Kxf7 18. Rfe1 Nd7 19. c4 Ne3 20. c5 Nf6 21.
Nd6+ Kf8 22. Bg6 Nfd5 23. Nf7 Rg8 24. Ne5 Qg5 25. Bf7 Ke7 26. Bxg8 Rxg8 27. b4
Qf5 28. Rab1 Nc2 29. Re4 Na3 30. Rb3 Nb5 31. a4 Nbc7 32. b5 cxb5 33. axb5 g5
34. c6 b6 35. Qb2 g4 36. Qa3+ Ke8 37. Qd6 Rg7 38. Nd7 Rg8 39. Re5 Qc2 40. Rxe6+
Nxe6 41. Qxe6+ Ne7 42. Nf6+ Kf8 43. Nxg8 Qd1+ 44. Kf2 Qd2+ 45. Kf1 Qc1+ 46. Qe1
Qc4+ 47. Qe2 Qxb3 48. Nxe7 g3 49. hxg3 fxg3 50. Ng6+ Kg7 51. Ne5 Qb1+ 52. Qe1
Qxb5+ 53. Kg1 1-0

[Event "Vienna Chess Open 2013"]
[Site "Großer Festsaal im Wiener Rat"]
[Date "2013.08.17"]
[Round "1.20"]
[White "Dehmel, Jens"]
[Black "Arkell, Keith"]
[Result "1/2-1/2"]
[WhiteElo "2444"]
[BlackElo "2091"]
[PlyCount "132"]
[EventDate "2013.??.??"]

1. d4 Nf6 2. c4 e6 3. Nc3 Bb4 4. Qc2 c5 5. dxc5 Na6 6. a3 Qa5 7. Bd2 Nxc5 8.
Rd1 Bxc3 9. Bxc3 Qa4 10. Qxa4 Nxa4 11. Bd4 b6 12. b3 Nc5 13. b4 Na4 14. f3 Ba6
15. e4 Rc8 16. b5 Bb7 17. e5 Ng8 18. Bd3 Ne7 19. Ne2 Nf5 20. Bxf5 exf5 21. Rc1
Nc5 22. Rc3 Ne6 23. Be3 Ke7 24. Nd4 g6 25. Nxe6 Kxe6 26. Bd4 f4 27. Kf2 g5 28.
Rhc1 g4 29. c5 gxf3 30. gxf3 bxc5 31. Rxc5 a6 32. Rxc8 Bxc8 33. b6 Bb7 34. Rc7
Rb8 35. a4 a5 36. Rc5 Ra8 37. Bc3 Bd5 38. Rxa5 Rc8 39. Bd2 Rc2 40. Ke1 Rb2 41.
Rb5 Rxb5 42. axb5 Kxe5 43. Kf2 Bb7 44. Bc3+ Kd5 45. Bd2 Kc5 46. Bxf4 Kxb6 47.
Ke3 Kxb5 48. Be5 Kc4 49. Bf6 Kd5 50. Bc3 Ke6 51. Kf4 Bc6 52. Bb2 Ba4 53. Bc3
Kd5 54. Ke3 Bd1 55. Bb2 Ba4 56. Bc3 Kc4 57. Bf6 Kb3 58. Be5 Kc2 59. Bf6 Bb5 60.
Bg7 Kd1 61. Bc3 Bf1 62. Ba5 Bg2 63. Bb4 h5 64. h4 d5 65. Ba5 f5 66. f4 Bh1 {Ke4
} 1/2-1/2

[Event "Vienna Chess Open 2013"]
[Site "Großer Festsaal im Wiener Rat"]
[Date "2013.08.17"]
[Round "1.21"]
[White "Broekmeulen, Jasper"]
[Black "Algars, Olle"]
[Result "1-0"]
[WhiteElo "2090"]
[BlackElo "2443"]
[PlyCount "49"]
[EventDate "2013.??.??"]

1. e4 c5 2. Nf3 d6 3. d4 cxd4 4. Nxd4 Nf6 5. Nc3 a6 6. f4 e5 7. Nf5 Nxe4 8.
Nxg7+ Bxg7 9. Nxe4 d5 10. Ng3 exf4 11. Qe2+ Be6 12. Nh5 Bd4 13. Nxf4 Kd7 14.
Nxe6 fxe6 15. c3 Bf6 16. g3 Qc7 17. Bf4 e5 18. O-O-O Ke6 19. Bh3+ Kf7 20. Qh5+
Ke7 21. Rxd5 exf4 22. Re1+ Kf8 23. Re8+ Kg7 24. Rg5+ Bxg5 25. Qxg5+ 1-0

[Event "Vienna Chess Open 2013"]
[Site "Großer Festsaal im Wiener Rat"]
[Date "2013.08.17"]
[Round "1.23"]
[White "Drozdowski, Kacper"]
[Black "Gulbrandsen, Tor"]
[Result "1-0"]
[WhiteElo "2090"]
[BlackElo "2437"]
[PlyCount "69"]
[EventDate "2013.??.??"]

1. e4 e6 2. d4 d5 3. Nd2 Nf6 4. e5 Nfd7 5. Bd3 c5 6. c3 Nc6 7. Ngf3 Qb6 8. O-O
cxd4 9. cxd4 Nxd4 10. Nxd4 Qxd4 11. Nf3 Qb6 12. Qa4 Qb4 13. Qc2 Qc5 14. Qe2 Be7
15. Be3 Qa5 16. Qc2 h6 17. a3 O-O 18. b4 Qd8 19. Qd2 Re8 20. Rac1 Nf8 21. Nd4
Bd7 22. f4 Rc8 23. Rcd1 f5 24. h3 a5 25. g4 fxg4 26. hxg4 axb4 27. axb4 Qc7 28.
Qh2 Bxb4 29. g5 hxg5 30. fxg5 Bc5 31. Bh7+ Nxh7 32. g6 Nf6 33. Rxf6 gxf6 34.
Qh7+ Kf8 35. Qf7# 1-0

[Event "Vienna Chess Open 2013"]
[Site "Großer Festsaal im Wiener Rat"]
[Date "2013.08.17"]
[Round "1.24"]
[White "Hansen, Victor"]
[Black "Kilgus, Georg"]
[Result "1/2-1/2"]
[WhiteElo "2434"]
[BlackElo "2089"]
[PlyCount "77"]
[EventDate "2013.??.??"]

1. d4 Nf6 2. c4 e6 3. Nc3 Bb4 4. Bg5 c5 5. d5 d6 6. e4 h6 7. Bd2 O-O 8. Bd3
exd5 9. exd5 Re8+ 10. Nge2 Nbd7 11. f4 Ng4 12. O-O Ne3 13. Bxe3 Rxe3 14. Qd2
Re8 15. a3 Ba5 16. Rae1 Nf6 17. Ng3 Rxe1 18. Rxe1 b5 19. cxb5 Nxd5 20. b4 Nxb4
21. axb4 Bxb4 22. Bc4 Bb7 23. Rd1 Qa5 24. Qxd6 Bxc3 25. Nf5 Bd4+ 26. Nxd4 cxd4
27. Qxd4 Re8 28. Qd7 Qb6+ 29. Kf1 Rf8 30. Qe7 Bc8 31. Qd6 Be6 32. Bxe6 fxe6 33.
Qxb6 axb6 34. Rd6 Rxf4+ 35. Ke2 Rb4 36. Rxb6 Rb2+ 37. Kf3 Kf7 38. Rb8 Ke7 39.
b6 1/2-1/2

[Event "Vienna Chess Open 2013"]
[Site "Großer Festsaal im Wiener Rat"]
[Date "2013.08.17"]
[Round "1.25"]
[White "Moser, Eva"]
[Black "Pavlov, Egor"]
[Result "1-0"]
[WhiteElo "2089"]
[BlackElo "2433"]
[PlyCount "89"]
[EventDate "2013.??.??"]

1. e4 e5 2. Nf3 Nf6 3. d3 Nc6 4. Be2 d5 5. Nbd2 Be7 6. O-O O-O 7. c3 a5 8. a4
h6 9. Re1 Be6 10. Qc2 Qd7 11. Nf1 Rad8 12. Ng3 Rfe8 13. h3 dxe4 14. dxe4 Bc5
15. Bf1 Qe7 16. Bb5 Bd7 17. Qe2 Nh7 18. Bd2 Qf6 19. Rad1 Nf8 20. Bc1 Ne6 21.
Rd5 Bd6 22. Nf5 Ng5 23. Nxg5 hxg5 24. Nxd6 cxd6 25. Qh5 Qe7 26. Bxg5 f6 27. Be3
Be6 28. Rd2 Qc7 29. Qe2 Qf7 30. Bb6 Rd7 31. Qe3 Rc8 32. Be2 f5 33. exf5 Bxf5
34. Bb5 Be6 35. Qg3 Rf8 36. Be3 Bf5 37. Red1 Qe6 38. Qh4 Qg6 39. Qg5 Qxg5 40.
Bxg5 Be6 41. Rxd6 Rff7 42. Rxd7 Rxd7 43. Rxd7 Bxd7 44. f3 Be6 45. Be3 1-0

[Event "Vienna Chess Open 2013"]
[Site "Großer Festsaal im Wiener Rat"]
[Date "2013.08.17"]
[Round "1.26"]
[White "Reyes-Acevedo, Ismael"]
[Black "Fröwis, Georg"]
[Result "0-1"]
[WhiteElo "2432"]
[BlackElo "2087"]
[PlyCount "62"]
[EventDate "2013.??.??"]

1. c4 e6 2. d4 c5 3. Nf3 Nf6 4. Nc3 a6 5. e4 cxd4 6. Nxd4 Qc7 7. Bg5 Be7 8. Be2
Nc6 9. Nxc6 dxc6 10. O-O Ng4 11. Bxg4 Bxg5 12. Qe2 Bf6 13. Rac1 O-O 14. f4 Bd4+
15. Kh1 f5 16. Bh3 e5 17. exf5 exf4 18. Qe4 Be3 19. Rcd1 Qf7 20. g4 h5 21. Rd3
hxg4 22. Bxg4 Bd7 23. Qg2 Rae8 24. Ne4 Bxf5 25. Rxe3 f3 26. Rfxf3 Bxe4 27. Rxe4
Rxe4 28. Qh3 Qxc4 29. Bf5 g6 30. Qg3 Qc1+ 31. Kg2 Re2+ 0-1

[Event "Vienna Chess Open 2013"]
[Site "Großer Festsaal im Wiener Rat"]
[Date "2013.08.17"]
[Round "1.27"]
[White "Kostic, Vladimir"]
[Black "Rongitsch, Thomas"]
[Result "1/2-1/2"]
[WhiteElo "2087"]
[BlackElo "2430"]
[PlyCount "78"]
[EventDate "2013.??.??"]

1. e4 c5 2. c3 Nf6 3. e5 Nd5 4. d4 cxd4 5. Nf3 e6 6. cxd4 d6 7. Nc3 Nxc3 8.
bxc3 Qc7 9. Qb3 Nc6 10. Bb5 a6 11. Bxc6+ Qxc6 12. O-O Be7 13. a4 O-O 14. Ba3
Rd8 15. Nd2 b5 16. c4 bxa4 17. Qg3 Rb8 18. Rfe1 Qc7 19. Ne4 dxe5 20. Bxe7 Qxe7
21. dxe5 Rb3 22. Qg4 Bb7 23. Nf6+ Kh8 24. Nh5 Rg8 25. Rxa4 f5 26. Qd1 Rb6 27.
Qd4 Rb3 28. Qd1 Rb6 29. Ra2 Qg5 30. f4 Qe7 31. Qd4 Qb4 32. Rd1 Qb3 33. Rad2 Rb4
34. Rc1 Bd5 35. Rdc2 Be4 36. Rd2 Bd5 37. Rdc2 Be4 38. Rd2 Bd5 39. Rdc2 Be4
1/2-1/2